000 00673nam a22002417a 4500
003 CHAP
005 20220329135002.0
008 971013s r 00010 d
010 _a29087
011 _a30059
035 _a34171
040 _cCHAP
090 _aR-914
100 0 0 _aMcLean, H.
_973677
245 _aHeartwood extractives in digester corrosion
500 _aSobretiro de: Pulp and Paper Magazine of Canada. Nov. 1953.
590 _aBATCH-UPD
_b10
_c20130110
_lUCH01
_h1348
590 _aCONVERSION
_b10
_c20130109
_lUCH01
_h1317
650 1 4 _aPulpa de madera.
_993003
901 _aBK
942 _cREIMP
949 _aR-914
_bBC
_cR
_d-79232
_eTS1
_i34171
_si
999 _c29087
_d29087